[Event "Montcalm 3 2019-20"]
[Site "Quebec CAN"]
[Date "2019.11.14"]
[Round "1"]
[White "Sarra-Bournet, Marc"]
[Black "Caire, Francois"]
[Result "0-1"]
[WhiteElo "1816"]
[BlackElo "2238"]
[PlyCount "112"]
[EventDate "2019.11.14"]
[EventType "swiss"]
[EventRounds "5"]
[EventCountry "CAN"]

1. e4 d5 2. exd5 Nf6 3. d4 Bg4 4. Be2 Bxe2 5. Qxe2 Qxd5 6. Nf3 Nc6 7. Nc3 Qf5
8. O-O O-O-O 9. Be3 e6 10. Rad1 Be7 11. h3 Rhg8 12. Nh4 Qa5 13. a3 g5 14. Nf3
g4 15. hxg4 Rxg4 16. g3 Rdg8 17. d5 Nxd5 18. Nxd5 exd5 19. Nd4 h5 20. Nxc6 bxc6
21. Bd2 Qc5 22. Kg2 Bd6 23. Bb4 Qc4 24. Qxc4 Rxc4 25. Bxd6 cxd6 26. Rd2 h4 27.
c3 Kd7 28. Kh3 Re4 29. gxh4 Rh8 30. f4 Ke6 31. Rg2 f6 32. Rf3 Kf5 33. Rg7 Rxf4
34. Rxf4+ Kxf4 35. Rxa7 f5 36. Ra6 Rc8 37. Ra4+ Ke3 38. Ra7 f4 39. Re7+ Kf2 40.
Rf7 f3 41. h5 Ke2 42. Re7+ Kf1 43. h6 f2 44. h7 Rh8 45. Kh2 c5 46. Rf7 d4 47.
cxd4 cxd4 48. Kg3 Ke1 49. Rxf2 Rxh7 50. Rf6 d3 51. Rxd6 d2 52. Re6+ Kf1 53.
Rf6+ Ke2 54. Re6+ Kd3 55. Kf4 Rf7+ 56. Ke5 Rd7 0-1

[Event "Montcalm 3 2019-20"]
[Site "Quebec CAN"]
[Date "2019.11.14"]
[Round "1"]
[White "Sauve, Richard"]
[Black "Lescarbeau, Martin"]
[Result "1-0"]
[WhiteElo "1923"]
[BlackElo "1674"]
[PlyCount "47"]
[EventDate "2019.11.14"]
[EventType "swiss"]
[EventRounds "5"]
[EventCountry "CAN"]

1. d4 Nf6 2. c4 g6 3. Nc3 Bg7 4. e4 d6 5. f3 O-O 6. Be3 c6 7. Bd3 e5 8. Nge2
Nh5 9. Qd2 f5 10. exf5 gxf5 11. O-O-O f4 12. Bf2 Nd7 13. Qc2 Nhf6 14. Bh4 Qe8
15. Ne4 Nxe4 16. Bxe4 Qh5 17. Be7 Qh6 18. Bxf8 Kxf8 19. Bxh7 exd4 20. Nxd4 Ne5
21. Bf5 c5 22. Bxc8 cxd4 23. Qf5+ Kg8 24. Qe6+ 1-0

[Event "Montcalm 3 2019-20"]
[Site "Quebec CAN"]
[Date "2019.11.21"]
[Round "2"]
[White "Bluteau, Yvon"]
[Black "Sauve, Richard"]
[Result "1/2-1/2"]
[WhiteElo "1825"]
[BlackElo "1923"]
[PlyCount "125"]
[EventDate "2019.11.14"]
[EventType "swiss"]
[EventRounds "5"]
[EventCountry "CAN"]

1. Nf3 d5 2. c4 e6 3. d4 c6 4. Qc2 Nf6 5. g3 Be7 6. Bg2 O-O 7. O-O b6 8. Ne5
Bb7 9. Rd1 Nbd7 10. Bg5 Nxe5 11. dxe5 Nd7 12. cxd5 exd5 13. Bxe7 Qxe7 14. f4 f6
15. exf6 Nxf6 16. h3 Rae8 17. Nc3 Qe3+ 18. Kh2 Ba6 19. Qd2 Bxe2 20. Qxe3 Rxe3
21. Rd2 Bc4 22. Rc1 Rfe8 23. b3 Ba6 24. Nd1 R3e6 25. Nf2 Re2 26. Rcc2 Rxd2 27.
Rxd2 Re2 28. Rxe2 Bxe2 29. g4 Kf7 30. Kg3 Ke6 31. Bf3 Bxf3 32. Kxf3 Nd7 33. Nd3
c5 34. f5+ Kd6 35. Kf4 c4 36. bxc4 dxc4 37. Nf2 b5 38. Ne4+ Kd5 39. g5 b4 40.
h4 c3 41. Ng3 a5 42. h5 c2 43. Ne2 a4 44. Nc1 Kd6 45. Ke4 Ne5 46. Kd4 b3 47.
axb3 axb3 48. Nxb3 Nf3+ 49. Kd3 Nxg5 50. h6 gxh6 51. Kxc2 Ke5 52. f6 Kxf6 53.
Kd3 Kf5 54. Ke3 h5 55. Nd4+ Kg4 56. Kf2 h4 57. Kg2 h3+ 58. Kh2 h5 59. Kh1 Ne4
60. Kh2 h4 61. Ne2 Nf2 62. Ng1 Ne4 63. Nxh3 1/2-1/2

[Event "Montcalm 3 2019-20"]
[Site "Quebec CAN"]
[Date "2019.11.21"]
[Round "2"]
[White "Caire, Francois"]
[Black "Lapierre, Gaetan"]
[Result "1-0"]
[WhiteElo "2238"]
[BlackElo "1912"]
[PlyCount "71"]
[EventDate "2019.11.14"]
[EventType "swiss"]
[EventRounds "5"]
[EventCountry "CAN"]

1. e4 d5 2. exd5 Nf6 3. d4 Nxd5 4. c4 Nf6 5. Nf3 g6 6. Nc3 Bg7 7. Be2 O-O 8.
O-O c6 9. Bf4 Nbd7 10. Qd2 Nh5 11. Bg5 f6 12. Be3 Bh8 13. d5 c5 14. Rfe1 b6 15.
Bd3 Ng7 16. Bh6 Re8 17. Qc2 Nf8 18. Rad1 Bf5 19. Nh4 Bxd3 20. Rxd3 Qd7 21. Qe2
g5 22. Bxg7 Bxg7 23. Nf3 h6 24. Re3 Ng6 25. g3 f5 26. Re6 Bf6 27. Qc2 Nf8 28.
Qxf5 Nxe6 29. dxe6 Qb7 30. Nd5 Rf8 31. Qg6+ Bg7 32. Ne5 Rf6 33. Nxf6+ exf6 34.
Nf7 Qe7 35. Nxh6+ Kf8 36. Nf5 1-0

[Event "Montcalm 3 2019-20"]
[Site "Quebec CAN"]
[Date "2019.11.21"]
[Round "2"]
[White "Fecteau, Martin"]
[Black "Gaulin, Gaetan"]
[Result "0-1"]
[WhiteElo "1880"]
[BlackElo "1951"]
[PlyCount "110"]
[EventDate "2019.11.14"]
[EventType "swiss"]
[EventRounds "5"]
[EventCountry "CAN"]

1. c4 e5 2. Nc3 Nf6 3. g3 d5 4. cxd5 Nxd5 5. Bg2 Nb6 6. d3 Be7 7. Nf3 Nc6 8.
O-O O-O 9. Be3 Be6 10. Rc1 Nd5 11. Bd2 Qd7 12. a3 f6 13. Qc2 Rac8 14. Ne4 Bh3
15. Nc5 Bxc5 16. Qxc5 Bxg2 17. Kxg2 Rfd8 18. Qc4 Kh8 19. Qh4 Nde7 20. g4 Ng6
21. Qg3 Nd4 22. Nxd4 Qxd4 23. Rc2 c6 24. Be3 Qd5+ 25. f3 a6 26. h4 Nf8 27. h5
Ne6 28. Kh2 h6 29. Rfc1 Rd7 30. Qe1 Re8 31. Qb4 Nd4 32. Bxd4 exd4 33. Rf1 Re3
34. Rf2 Rde7 35. Kg2 Kh7 36. Qd2 Qe6 37. Qd1 f5 38. gxf5 Qxf5 39. Qh1 R3e5 40.
Kf1 Qxh5 41. Rh2 Qf5 42. Rc4 Rc5 43. Rxc5 Qxc5 44. Kf2 Qc2 45. Qf1 Qxb2 46. Kg1
Qxa3 47. f4 Qd6 48. Rg2 Rf7 49. f5 Qe5 50. Rf2 c5 51. Qg2 Qd6 52. Qe4 Re7 53.
Qg4 b5 54. f6 Rf7 55. Qe4+ g6 0-1

[Event "Montcalm 3 2019-20"]
[Site "Quebec CAN"]
[Date "2019.11.21"]
[Round "2"]
[White "Fleury, Dominic"]
[Black "Boissinot, Claude"]
[Result "1-0"]
[WhiteElo "1372"]
[BlackElo "1535"]
[PlyCount "73"]
[EventDate "2019.11.14"]
[EventType "swiss"]
[EventRounds "5"]
[EventCountry "CAN"]

1. e4 c5 2. Nf3 e6 3. Bc4 d6 4. c3 Nf6 5. Qe2 Qc7 6. d3 a6 7. Bg5 Nbd7 8. Nbd2
b5 9. Bb3 Bb7 10. O-O Rc8 11. c4 Be7 12. Rfe1 O-O 13. Nf1 Rfe8 14. Bc2 Bc6 15.
Rad1 Qb7 16. Ng3 bxc4 17. dxc4 h6 18. Bxf6 Nxf6 19. h3 Kh8 20. b3 Bf8 21. Qd3
e5 22. Nf5 Rcd8 23. g4 g6 24. Nxh6 Bxh6 25. g5 Nh5 26. gxh6 Nf4 27. Qe3 Nxh3+
28. Kh2 Nf4 29. Ng5 f6 30. Nh3 g5 31. Nxf4 gxf4 32. Qh3 Qh7 33. Rg1 Rg8 34. Qh4
Rdf8 35. Rxg8+ Kxg8 36. Rg1+ Kh8 37. Rg7 1-0

[Event "Montcalm 3 2019-20"]
[Site "Quebec CAN"]
[Date "2019.11.21"]
[Round "2"]
[White "Plante, Rejean"]
[Black "Glode, Martin"]
[Result "0-1"]
[WhiteElo "2035"]
[BlackElo "1838"]
[PlyCount "62"]
[EventDate "2019.11.14"]
[EventType "swiss"]
[EventRounds "5"]
[EventCountry "CAN"]

1. d4 e6 2. Nf3 b6 3. g3 Bb7 4. Bg2 g6 5. O-O Bg7 6. c4 Ne7 7. Nc3 O-O 8. Bg5
h6 9. Bd2 Nbc6 10. e3 Qc8 11. Re1 a5 12. Rc1 d6 13. a3 Qd7 14. b3 Rae8 15. d5
Nd8 16. e4 e5 17. Be3 f5 18. Bh3 Nf7 19. Nh4 Ng5 20. Bg2 f4 21. Bd2 Nh3+ 22.
Bxh3 Qxh3 23. Qf3 g5 24. Ng2 g4 25. Qd3 Ng6 26. Nb5 Re7 27. Qf1 Ref7 28. gxf4
exf4 29. Bc3 g3 30. hxg3 fxg3 31. fxg3 Rxf1+ 0-1

[Event "Montcalm 3 2019-20"]
[Site "Quebec CAN"]
[Date "2019.11.28"]
[Round "3"]
[White "Fleury, Dominic"]
[Black "Dumont, Eric"]
[Result "1-0"]
[WhiteElo "1372"]
[BlackElo "1773"]
[PlyCount "125"]
[EventDate "2019.11.14"]
[EventType "swiss"]
[EventRounds "5"]
[EventCountry "CAN"]

1. d4 d5 2. Bf4 Nf6 3. e3 g6 4. Nf3 Bg7 5. Bd3 Nbd7 6. Nbd2 O-O 7. O-O Nh5 8.
Bg5 Qe8 9. c4 c6 10. e4 dxe4 11. Nxe4 Nhf6 12. Re1 Nxe4 13. Bxe4 Nf6 14. Bc2
Bg4 15. Qd3 Rd8 16. Ne5 Bf5 17. Qd2 Bxc2 18. Qxc2 Rxd4 19. Rad1 c5 20. Be3 Rxd1
21. Rxd1 Qc8 22. Qd3 b6 23. Bg5 Qe6 24. Bxf6 exf6 25. Nf3 Re8 26. Kf1 Qc6 27.
Qd7 Qe6 28. b3 Qe2+ 29. Kg1 f5 30. h3 Bd4 31. Rd2 Bxf2+ 32. Kh2 Qe3 33. Rxf2
Re7 34. Qd2 f4 35. Rf1 Kg7 36. Qxe3 fxe3 37. Re1 f5 38. Kg3 h6 39. h4 Kf6 40.
Re2 Re4 41. Kh3 g5 42. hxg5+ hxg5 43. Ne1 Rh4+ 44. Kg3 f4+ 45. Kf3 Kf5 46. g3
Rh3 47. Rg2 g4+ 48. Ke2 f3+ 49. Nxf3 gxf3+ 50. Kxf3 Rh7 51. Kxe3 Kg4 52. Kf2
Rh1 53. Ke3 Re1+ 54. Re2 Rg1 55. Ke4 Rd1 56. Rg2 Rd4+ 57. Ke3 Kh3 58. Rd2 Rxd2
59. Kxd2 Kxg3 60. Ke3 Kg2 61. Ke4 Kf2 62. Kd5 Ke2 63. Kc6 1-0

[Event "Montcalm 3 2019-20"]
[Site "Quebec CAN"]
[Date "2019.11.28"]
[Round "3"]
[White "Gaulin, Gaetan"]
[Black "Cournoyer, Dominic"]
[Result "1/2-1/2"]
[WhiteElo "1951"]
[BlackElo "1931"]
[PlyCount "46"]
[EventDate "2019.11.14"]
[EventType "swiss"]
[EventRounds "5"]
[EventCountry "CAN"]

1. c4 c6 2. Nf3 d5 3. e3 Nf6 4. Nc3 Bf5 5. d4 e6 6. Bd3 Bxd3 7. Qxd3 Bd6 8. O-O
O-O 9. e4 dxe4 10. Nxe4 Nxe4 11. Qxe4 Nd7 12. Bg5 Nf6 13. Qh4 Be7 14. Rfd1 h6
15. Bxf6 Bxf6 16. Qe4 Qc7 17. Rd2 Rfe8 18. Rad1 Rad8 19. b3 a6 20. g3 Qa5 21.
Kg2 Re7 22. h4 Red7 23. Qe3 Qf5 1/2-1/2

[Event "Montcalm 3 2019-20"]
[Site "Quebec CAN"]
[Date "2019.11.28"]
[Round "3"]
[White "Glode, Martin"]
[Black "Caire, Francois"]
[Result "1/2-1/2"]
[WhiteElo "1838"]
[BlackElo "2238"]
[PlyCount "85"]
[EventDate "2019.11.14"]
[EventType "swiss"]
[EventRounds "5"]
[EventCountry "CAN"]

1. e4 d5 2. exd5 Nf6 3. Nf3 Nxd5 4. d4 e6 5. Be2 Bd6 6. c4 Nf4 7. Bf1 Ng6 8.
Nc3 b6 9. g3 Bb7 10. Bg2 Nd7 11. O-O O-O 12. Re1 Nf6 13. Ne5 Bxg2 14. Kxg2 Bxe5
15. dxe5 Qxd1 16. Nxd1 Nd7 17. f4 Nc5 18. Nf2 Rfd8 19. Be3 Nd3 20. Nxd3 Rxd3
21. Rad1 Rad8 22. Rxd3 Rxd3 23. Kf2 f6 24. Ke2 Rd7 25. exf6 gxf6 26. Rd1 Rxd1
27. Kxd1 Kf7 28. Ke2 f5 29. Bd4 Ke7 30. b4 a6 31. a4 Kd6 32. Kd3 c5 33. bxc5+
bxc5 34. Bc3 Kd7 35. Bf6 Ne7 36. Bxe7 Kxe7 37. a5 Kf6 38. Ke3 Kg6 39. Kf3 Kh5
40. h3 Kg6 41. g4 h6 42. Kg3 h5 43. g5 1/2-1/2

[Event "Montcalm 3 2019-20"]
[Site "Quebec CAN"]
[Date "2019.11.28"]
[Round "3"]
[White "Hebert, Andre jr"]
[Black "Fecteau, Martin"]
[Result "1-0"]
[WhiteElo "1530"]
[BlackElo "1880"]
[PlyCount "162"]
[EventDate "2019.11.14"]
[EventType "swiss"]
[EventRounds "5"]
[EventCountry "CAN"]

1. Nf3 c5 2. g3 b6 3. Bg2 Bb7 4. O-O Nf6 5. d4 e6 6. c3 Be7 7. Nbd2 O-O 8. Re1
cxd4 9. cxd4 d5 10. Ne5 Nbd7 11. f4 Rc8 12. e4 dxe4 13. Nxe4 Nxe4 14. Bxe4 Bxe4
15. Rxe4 Nf6 16. Re1 Qd5 17. Be3 Bb4 18. Re2 b5 19. a3 Ba5 20. b4 Bb6 21. Qd3
a6 22. Rd1 Rfd8 23. f5 Ne4 24. fxe6 fxe6 25. Rc2 Nf6 26. Qe2 Qe4 27. Rxc8 Rxc8
28. Qf3 Rc3 29. Qxe4 Nxe4 30. Bc1 Nd6 31. Bb2 Rc2 32. Ba1 Nf5 33. Nd7 Ne3 34.
Re1 Nd5 35. Nxb6 Nxb6 36. Rxe6 Nc4 37. Re1 Nxa3 38. d5 Rd2 39. Bc3 Rxd5 40. Re6
Rd3 41. Rc6 Nc4 42. Rc8+ Kf7 43. Rc7+ Ke6 44. Bxg7 Rd7 45. Rc6+ Rd6 46. Rc7 Kd5
47. Bf8 Rf6 48. Rd7+ Ke6 49. Re7+ Kd5 50. Rd7+ Ke4 51. Bc5 h6 52. Rd4+ Kf5 53.
Rf4+ Kg6 54. Rg4+ Kf7 55. Bd4 Rg6 56. Rf4+ Ke6 57. Kf2 Kd5 58. Bc5 Re6 59. h4
a5 60. Rd4+ Kc6 61. Rd1 a4 62. g4 a3 63. Kf3 Re8 64. Kf4 Ra8 65. Ra1 Nd2 66.
Ra2 Nc4 67. Kf5 Rg8 68. g5 hxg5 69. hxg5 Kd7 70. g6 Re8 71. Kf6 Re4 72. g7 Rg4
73. Re2 Kc6 74. Re7 Nb2 75. Ra7 Na4 76. Bd4 Kd5 77. Be5 Kc4 78. Ra8 Kxb4 79.
g8=Q Rxg8 80. Rxg8 Nb2 81. Bd6+ Kb3 1-0

[Event "Montcalm 3 2019-20"]
[Site "Quebec CAN"]
[Date "2019.11.28"]
[Round "3"]
[White "Lapierre, Gaetan"]
[Black "Lescarbeau, Martin"]
[Result "1/2-1/2"]
[WhiteElo "1912"]
[BlackElo "1674"]
[PlyCount "144"]
[EventDate "2019.11.14"]
[EventType "swiss"]
[EventRounds "5"]
[EventCountry "CAN"]

1. c4 e5 2. Nc3 Nf6 3. g3 Bb4 4. Bg2 Nc6 5. d3 Bxc3+ 6. bxc3 d5 7. cxd5 Nxd5 8.
Bb2 O-O 9. Nf3 Re8 10. O-O Nde7 11. e4 Ng6 12. Ne1 Bd7 13. Bc1 Qc8 14. f3 Bh3
15. g4 Bxg2 16. Nxg2 Qd7 17. Qe2 Rad8 18. Rd1 Qe7 19. Be3 Nh4 20. Nxh4 Qxh4 21.
d4 h5 22. d5 Ne7 23. Qf2 Qh3 24. g5 Ng6 25. Qg3 Qxg3+ 26. hxg3 Rd7 27. Kf2 Red8
28. Rh1 c6 29. dxc6 bxc6 30. Rab1 Rd3 31. Rbc1 h4 32. gxh4 Nf4 33. Bxf4 exf4
34. Rhe1 g6 35. Re2 Kg7 36. e5 Rh8 37. Rh1 Rxc3 38. e6 fxe6 39. Rxe6 Rc2+ 40.
Re2 Rxe2+ 41. Kxe2 Rb8 42. Rd1 Rb7 43. Rd6 Rb2+ 44. Rd2 Rb7 45. Rc2 Kf7 46.
Rxc6 Rb2+ 47. Kd3 Rxa2 48. Rf6+ Kg7 49. Rxf4 a5 50. Rc4 a4 51. Rc7+ Kf8 52. Ra7
a3 53. f4 Rh2 54. Ke4 a2 55. Ke5 Rb2 56. Ra6 Ke8 57. Kf6 Rb6+ 58. Rxb6 a1=Q+
59. Kxg6 Qd4 60. Rf6 Qd3+ 61. f5 Qb3 62. Re6+ Kf8 63. h5 Qb7 64. Rf6+ Kg8 65.
h6 Qh7+ 66. Kh5 Qd7 67. Re6 Qf7+ 68. Kg4 Qd7 69. g6 Qd1+ 70. Kg5 Qd8+ 71. Rf6
Qd2+ 72. Kh5 Qe2+ 1/2-1/2

[Event "Montcalm 3 2019-20"]
[Site "Quebec CAN"]
[Date "2019.11.28"]
[Round "3"]
[White "Perreault, Jacquelin"]
[Black "Bluteau, Yvon"]
[Result "0-1"]
[WhiteElo "1726"]
[BlackElo "1825"]
[PlyCount "48"]
[EventDate "2019.11.14"]
[EventType "swiss"]
[EventRounds "5"]
[EventCountry "CAN"]

1. e4 e5 2. Nf3 Nc6 3. Bb5 Bc5 4. c3 Nf6 5. d4 exd4 6. e5 Ng4 7. cxd4 Bb6 8. h3
Nxf2 9. Kxf2 Nxd4 10. Nxd4 Qh4+ 11. g3 Bxd4+ 12. Kg2 Qe4+ 13. Kh2 O-O 14. Re1
Qd5 15. Nc3 Qc5 16. Bd3 Bxc3 17. bxc3 Qf2+ 18. Kh1 Qxg3 19. Bxh7+ Kxh7 20. Qh5+
Kg8 21. Rg1 Qd3 22. Bh6 g6 23. Bxf8 b6 24. Qg5 Qxh3# 0-1

[Event "Montcalm 3 2019-20"]
[Site "Quebec CAN"]
[Date "2019.11.28"]
[Round "3"]
[White "Sauve, Richard"]
[Black "Labrecque, Rejean"]
[Result "1-0"]
[WhiteElo "1923"]
[BlackElo "1788"]
[PlyCount "49"]
[EventDate "2019.11.14"]
[EventType "swiss"]
[EventRounds "5"]
[EventCountry "CAN"]

1. d4 d5 2. c4 e6 3. Nc3 Nf6 4. Bg5 h6 5. Bxf6 Qxf6 6. cxd5 Be7 7. Nf3 O-O 8.
e3 c6 9. dxe6 Bxe6 10. Be2 Bb4 11. Qc2 Nd7 12. O-O Qe7 13. a3 Bd6 14. Rfd1 Rac8
15. Rac1 f5 16. e4 fxe4 17. Nxe4 Bf4 18. Ra1 Qf7 19. b4 Bb3 20. Qc3 Kh8 21. Rf1
Bd5 22. Nc5 Nxc5 23. dxc5 Rce8 24. Rae1 Re3 25. fxe3 1-0

[Event "Montcalm 3 2019-20"]
[Site "Quebec CAN"]
[Date "2019.12.05"]
[Round "4"]
[White "Auger, Bertrand"]
[Black "Fleury, Dominic"]
[Result "1-0"]
[WhiteElo "1914"]
[BlackElo "1372"]
[PlyCount "63"]
[EventDate "2019.11.14"]
[EventType "swiss"]
[EventRounds "5"]
[EventCountry "CAN"]

1. Nf3 Nf6 2. g3 d5 3. Bg2 e6 4. O-O c5 5. c4 dxc4 6. Ne5 Qc7 7. Nxc4 Bd7 8. d4
Bc6 9. Bf4 Qd7 10. Ne5 Qxd4 11. Qxd4 cxd4 12. Rc1 Bd6 13. Nxc6 Bxf4 14. gxf4
Nxc6 15. Rxc6 bxc6 16. Bxc6+ Ke7 17. Bxa8 Rxa8 18. Na3 Rb8 19. Nc4 Nd5 20. e3
Rb4 21. Rc1 Nb6 22. Ne5 Nd5 23. Nc6+ Kf6 24. Nxb4 Nxb4 25. Rc4 d3 26. Rxb4 e5
27. fxe5+ Kxe5 28. Kf1 h5 29. Ke1 g5 30. Kd2 h4 31. Kxd3 Kf5 32. h3 1-0

[Event "Montcalm 3 2019-20"]
[Site "Quebec CAN"]
[Date "2019.12.05"]
[Round "4"]
[White "Bluteau, Yvon"]
[Black "Glode, Martin"]
[Result "0-1"]
[WhiteElo "1825"]
[BlackElo "1838"]
[PlyCount "116"]
[EventDate "2019.11.14"]
[EventType "swiss"]
[EventRounds "5"]
[EventCountry "CAN"]

1. e4 Nf6 2. e5 Nd5 3. d4 d6 4. c4 Nb6 5. Nf3 Bg4 6. exd6 exd6 7. Bd3 Nc6 8.
Be3 Be7 9. Nbd2 Bf6 10. Qc2 Nb4 11. Qc3 Nxd3+ 12. Qxd3 O-O 13. O-O Re8 14. b4
d5 15. c5 Nc8 16. Rac1 Ne7 17. a4 Nc6 18. Qc3 a5 19. b5 Nb4 20. Ra1 Bf5 21.
Rfc1 Nd3 22. Rd1 Nb4 23. Ne1 Qe7 24. Nb3 b6 25. h3 h6 26. Rd2 Qd7 27. Kh2 g5
28. Rc1 Rac8 29. Qb2 Kh7 30. Na1 Rg8 31. Nac2 Nxc2 32. Nxc2 bxc5 33. Qc3 Qd6+
34. Kh1 c4 35. Ra1 Qb6 36. Rdd1 Be7 37. Qd2 Ra8 38. Re1 Qg6 39. Rac1 Bxc2 40.
Qxc2 Qxc2 41. Rxc2 Bb4 42. Ree2 Rge8 43. g4 Re4 44. Kg2 Rae8 45. Kf3 Kg6 46.
Rc1 f5 47. gxf5+ Kxf5 48. Rg1 Bc3 49. Rd1 Bb4 50. Rg1 Bd6 51. Rd2 Rh4 52. Kg2
Bb4 53. Rc2 Ke4 54. Rd1 Bd6 55. Bxg5 Rg8 56. Re2+ Kf5 57. f4 hxg5 58. Re3 gxf4+
0-1

[Event "Montcalm 3 2019-20"]
[Site "Quebec CAN"]
[Date "2019.12.05"]
[Round "4"]
[White "Bourdeau, Yvan"]
[Black "Boissinot, Claude"]
[Result "1-0"]
[WhiteElo "1415"]
[BlackElo "1535"]
[PlyCount "39"]
[EventDate "2019.11.14"]
[EventType "swiss"]
[EventRounds "5"]
[EventCountry "CAN"]

1. d4 Nf6 2. Nf3 e6 3. Bf4 b6 4. e3 Bb7 5. Bd3 d5 6. Ne5 a6 7. Nd2 Nbd7 8. c3
Be7 9. Qf3 O-O 10. g4 h6 11. g5 hxg5 12. Bxg5 c5 13. O-O-O b5 14. Qh3 Ne4 15.
Bxe7 Qxe7 16. Rhg1 Ndf6 17. Rxg7+ Kxg7 18. Rg1+ Ng4 19. Rxg4+ Ng5 20. Qh7+ 1-0

[Event "Montcalm 3 2019-20"]
[Site "Quebec CAN"]
[Date "2019.12.05"]
[Round "4"]
[White "Caire, Francois"]
[Black "Gaulin, Gaetan"]
[Result "1-0"]
[WhiteElo "2238"]
[BlackElo "1951"]
[PlyCount "93"]
[EventDate "2019.11.14"]
[EventType "swiss"]
[EventRounds "5"]
[EventCountry "CAN"]

1. e4 c6 2. d4 d5 3. Nc3 dxe4 4. Nxe4 Nf6 5. Nxf6+ exf6 6. Nf3 Bd6 7. Be2 O-O
8. O-O Re8 9. c4 Nd7 10. Qc2 Nf8 11. h3 Qc7 12. Bd3 Bf4 13. Rd1 Bd7 14. Bxf4
Qxf4 15. Qd2 Qxd2 16. Rxd2 Ng6 17. Rad1 Nf4 18. Bf1 Rad8 19. d5 c5 20. a3 g5
21. b4 b6 22. bxc5 bxc5 23. Rb1 g4 24. hxg4 Bxg4 25. Nh2 Be2 26. Rb5 Bxf1 27.
Kxf1 Rb8 28. g3 Rxb5 29. cxb5 Ng6 30. Ng4 Kg7 31. Rc2 Rc8 32. Ne3 Ne5 33. a4
Nd7 34. Ke2 Kg6 35. a5 Rb8 36. Rb2 f5 37. f4 Kf6 38. Kd3 Rg8 39. Rg2 h5 40. Rh2
Kg6 41. Nc4 f6 42. b6 axb6 43. Nxb6 Nb8 44. Kc4 Kh6 45. Rh3 Rd8 46. Kxc5 Na6+
47. Kb5 {Les noirs perdent au temps} 1-0

[Event "Montcalm 3 2019-20"]
[Site "Quebec CAN"]
[Date "2019.12.05"]
[Round "4"]
[White "Labrecque, Rejean"]
[Black "Lapierre, Gaetan"]
[Result "1/2-1/2"]
[WhiteElo "1788"]
[BlackElo "1912"]
[PlyCount "113"]
[EventDate "2019.11.14"]
[EventType "swiss"]
[EventRounds "5"]
[EventCountry "CAN"]

1. d4 Nf6 2. c4 g6 3. Nc3 d5 4. cxd5 Nxd5 5. e4 Nxc3 6. bxc3 Bg7 7. Bc4 c5 8.
Be3 cxd4 9. Bxd4 Bxd4 10. Qxd4 O-O 11. Ne2 Nc6 12. Qxd8 Rxd8 13. O-O Ne5 14.
Bb3 Bd7 15. Rfd1 Bb5 16. Nd4 Ba6 17. f3 Rac8 18. Rdc1 Nd3 19. Rc2 Nc5 20. Re1
e5 21. Ne2 Nxb3 22. axb3 Bxe2 23. Rexe2 Rd3 24. Kf2 Rcxc3 25. Rxc3 Rxc3 26. Rb2
Kf8 27. Ke2 Ke7 28. Kd2 Rc5 29. b4 Rb5 30. Kc3 h5 31. Rd2 a6 32. Rd3 Rb6 33.
Rd5 Rc6+ 34. Kb3 f6 35. Rd2 b5 36. h3 h4 37. Rd5 Rd6 38. Rc5 Kd7 39. Rc2 Rd4
40. Ka3 f5 41. exf5 gxf5 42. Kb3 Rd3+ 43. Kb2 e4 44. fxe4 fxe4 45. Rf2 Rg3 46.
Re2 Kd6 47. Rxe4 Rxg2+ 48. Kb1 Rg6 49. Rxh4 Kc6 50. Rg4 Rh6 51. h4 Kb6 52. Kb2
a5 53. bxa5+ Kxa5 54. Kb3 Rh5 55. Ka3 Rf5 56. Rg3 Rh5 57. Rg4 1/2-1/2

[Event "Montcalm 3 2019-20"]
[Site "Quebec CAN"]
[Date "2019.12.05"]
[Round "4"]
[White "Lescarbeau, Martin"]
[Black "Fecteau, Martin"]
[Result "1/2-1/2"]
[WhiteElo "1674"]
[BlackElo "1880"]
[PlyCount "60"]
[EventDate "2019.11.14"]
[EventType "swiss"]
[EventRounds "5"]
[EventCountry "CAN"]

1. d4 Nf6 2. c4 e6 3. Nc3 b6 4. e4 Bb7 5. Bd3 d6 6. Nge2 Nbd7 7. O-O e5 8. d5
Nc5 9. b4 Nxd3 10. Qxd3 Be7 11. h3 a5 12. b5 O-O 13. a4 Nd7 14. Be3 Bg5 15. f4
exf4 16. Nxf4 Ne5 17. Qd4 Bf6 18. Nh5 Nf3+ 19. Rxf3 Bxd4 20. Bxd4 f6 21. Raf1
Qe7 22. Rg3 Rf7 23. Bxf6 Rxf6 24. Nxf6+ Kh8 25. Nh5 g6 26. Nf4 Qe5 27. Rgf3 Rg8
28. Nfe2 h6 29. Rf7 Rg7 30. Rf8+ Rg8 1/2-1/2

[Event "Montcalm 3 2019-20"]
[Site "Quebec CAN"]
[Date "2019.12.05"]
[Round "4"]
[White "Plante, Rejean"]
[Black "Perreault, Jacquelin"]
[Result "1/2-1/2"]
[WhiteElo "2035"]
[BlackElo "1726"]
[PlyCount "111"]
[EventDate "2019.11.14"]
[EventType "swiss"]
[EventRounds "5"]
[EventCountry "CAN"]

1. d4 Nf6 2. c4 e6 3. g3 Bb4+ 4. Bd2 Bxd2+ 5. Qxd2 d5 6. Bg2 c6 7. Nf3 Ne4 8.
Qc2 Nd7 9. O-O O-O 10. Nc3 Nxc3 11. Qxc3 b6 12. Rfe1 Ba6 13. cxd5 cxd5 14. Qa3
Bb7 15. Rac1 a5 16. Rc2 Rc8 17. Rec1 Rxc2 18. Rxc2 Ba6 19. h4 h6 20. e3 Re8 21.
Qd6 Nf6 22. Qf4 Qb8 23. Ne5 Rc8 24. Rd2 Qc7 25. Bf3 Qc1+ 26. Rd1 Qxb2 27. g4
Be2 28. Re1 Rc1 29. Rxc1 Qxc1+ 30. Kh2 Bxf3 31. Qxf3 Qc7 32. Kh3 Ne4 33. Qe2
Qc1 34. Kg2 f6 35. Ng6 Kf7 36. h5 Qd2 37. Nf4 Qxe2 38. Nxe2 b5 39. f3 Nd6 40.
Nc3 b4 41. Na4 Nb5 42. Kf2 Ke7 43. Ke2 Kd6 44. Kd3 Kc6 45. e4 Nc7 46. Kc2 Kb5
47. Kb3 e5 48. exd5 Nxd5 49. dxe5 fxe5 50. Nb2 Ne3 51. Nd3 a4+ 52. Kb2 Nc4+ 53.
Kc2 Ne3+ 54. Kd2 Nc4+ 55. Kc2 Ne3+ 56. Kd2 1/2-1/2

[Event "Montcalm 3 2019-20"]
[Site "Quebec CAN"]
[Date "2019.12.05"]
[Round "4"]
[White "Sauve, Richard"]
[Black "Hebert, Andre jr"]
[Result "1-0"]
[WhiteElo "1923"]
[BlackElo "1530"]
[PlyCount "83"]
[EventDate "2019.11.14"]
[EventType "swiss"]
[EventRounds "5"]
[EventCountry "CAN"]

1. d4 Nf6 2. c4 g6 3. Nc3 Bg7 4. e4 d6 5. f3 O-O 6. Be3 Nbd7 7. Qd2 Re8 8.
O-O-O c6 9. Nge2 Qc7 10. Kb1 e5 11. d5 cxd5 12. cxd5 a6 13. Rc1 Qa5 14. Ng3 b5
15. Be2 Bb7 16. Nd1 Qxd2 17. Bxd2 Rec8 18. Nf2 h5 19. Rhd1 h4 20. Nf1 Nh7 21.
Bb4 Bf8 22. Nd2 f5 23. Nb3 Rxc1+ 24. Rxc1 Rc8 25. Na5 Rxc1+ 26. Kxc1 Bc8 27.
Kc2 Nhf6 28. Bd2 fxe4 29. fxe4 Nc5 30. Bf3 Nh7 31. Nb3 Nxb3 32. Kxb3 Be7 33.
Kc2 Bd8 34. Bg4 Bxg4 35. Nxg4 g5 36. Nh6+ Kf8 37. Nf5 Be7 38. Bb4 Nf6 39. Bxd6
Bxd6 40. Nxd6 Ke7 41. Nf5+ Kd7 42. Kd3 1-0

[Event "Montcalm 3 2019-20"]
[Site "Quebec CAN"]
[Date "2019.12.12"]
[Round "5"]
[White "Chabot, Sebastien"]
[Black "Le-Huu, Pascal"]
[Result "1-0"]
[WhiteElo "1336"]
[BlackElo "1368"]
[PlyCount "95"]
[EventDate "2019.11.14"]
[EventType "swiss"]
[EventRounds "5"]
[EventCountry "CAN"]

1. d4 d5 2. Nf3 Nf6 3. c4 c6 4. Nc3 Bf5 5. Bg5 e6 6. cxd5 cxd5 7. e3 Be7 8.
Bb5+ Nfd7 9. Bf4 a6 10. Ba4 b5 11. Bc2 Bg4 12. a3 O-O 13. e4 Qb6 14. Qd3 Bxf3
15. Qxf3 Qxd4 16. Rd1 Qc4 17. Bd3 dxe4 18. Nxe4 Qd4 19. Nc3 Ne5 20. Bxh7+ Kh8
21. Qg3 Nd3+ 22. Bxd3 f5 23. Be2 Qf6 24. h4 b4 25. Nb1 Qxb2 26. Be5 Qxe5 27.
Qxe5 bxa3 28. h5 Bb4+ 29. Kf1 Nc6 30. Qxe6 Rac8 31. h6 Rf6 32. Qxc8+ Bf8 33.
hxg7+ Kxg7 34. Rd7+ Ne7 35. Qc3 a2 36. Nd2 Kf7 37. Qb3+ Kg6 38. Qxa2 a5 39.
Qxa5 Rc6 40. Qa1 Bg7 41. Qb1 Rc8 42. Rxe7 Ra8 43. Bh5+ Kf6 44. Rxg7 Kxg7 45.
Qb7+ Kf6 46. Qxa8 Kg5 47. Nf3+ Kf4 48. g3# 1-0